| 000 | 00721am a2200229a 44500 | ||
|---|---|---|---|
| 003 | AR-BaBNM | ||
| 005 | 20251128210216.0 | ||
| 008 | 299019s1992 #AR|||||||||||000 | spa|| | ||
| 020 | _a84-239-9417-1 | ||
| 040 | _cAR-BaBNM | ||
| 110 | 2 | _aReal Academia Española | |
| 245 | 1 | 0 |
_aDiccionario de la lengua española _ba-g |
| 250 | _a21ª ed. | ||
| 260 |
_aMadrid _bReal Academia Española _c1992-1998 |
||
| 300 | _axxxvii, 1077 p. | ||
| 500 | _aIncluye preámbulo, miembros de la Real Academia Española, advertencias para el uso del diccionario, agradecimientos y abreviaturas usadas en el diccionario | ||
| 650 | 4 | _aDICCIONARIOS | |
| 650 | 4 | _aESPAÑOL | |
| 655 | _aREFERENCIA | ||
| 942 | _cBK | ||
| 998 | _claura | ||
| 999 |
_c14509 _d14509 |
||